Crisis periods identification in selected economies (1990-2013)

Identifikácia krízových období vo vybraných krajinách počas posledných dvoch dekád. Charakteristika hospodárskych ukazovateľov: produkt domáci hrubý, miera nezamestnanosti, inflácia, platobná bilancia, vývojové trendy vo vybraných krajinách. Príspevok skúma, či krízové obdobie kulminovalo v týchto k...

Ausführliche Beschreibung

Gespeichert in:
Bibliographische Detailangaben
1. Verfasser: Drutarovská, Jana, 1989-
Format: Buchkapitel
Sprache:Englisch
Schlagworte:
Tags: Tag hinzufügen
Keine Tags, Fügen Sie das erste Tag hinzu!

MARC

LEADER 00000naa$a2200000$$$4500
001 0236605
005 20240502083632.5
041 0 |a eng 
044 |a AT 
245 1 0 |a Crisis periods identification in selected economies (1990-2013)  |c Jana Drutarovská 
520 |a Identifikácia krízových období vo vybraných krajinách počas posledných dvoch dekád. Charakteristika hospodárskych ukazovateľov: produkt domáci hrubý, miera nezamestnanosti, inflácia, platobná bilancia, vývojové trendy vo vybraných krajinách. Príspevok skúma, či krízové obdobie kulminovalo v týchto krajinách v rokoch 2008-2009, keď svetová ekonomika bola atakovaná globálnou hospodárskou a finančnou krízou. 
610 2 0 |a kríza 
610 2 0 |a kríza finančná 
610 2 0 |a kríza hospodárska 
610 2 0 |a ukazovatele ekonomické 
610 2 0 |a rast hospodársky 
100 1 |a Drutarovská, Jana, 1989-